| 000 | 00449nam a2200193Ia 4500 | ||
|---|---|---|---|
| 005 | 20250423095532.0 | ||
| 008 | 250422s9999 xx 000 0 und d | ||
| 020 | _a0-321-12957-1 | ||
| 050 | _aJK276.E39 | ||
| 100 | _aGeorge C. Edwards | ||
| 245 | 0 | _aGovernment In America | |
| 250 | _aEleventh Edition | ||
| 260 | _aNew York | ||
| 260 | _bPearson | ||
| 260 | _c2004 | ||
| 300 | _a779 p | ||
| 650 | _aPolitics And Government | ||
| 942 | _cBK | ||
| 999 |
_c30567 _d30567 |
||